[Event "54th ch-RUS"]
[Site "Elista RUS"]
[Date "2001.05.02"]
[Round "3"]
[White "Smirnov,P"]
[Black "Filippov,V"]
[Result "1-0"]
[WhiteElo "2511"]
[BlackElo "2632"]

1.e4 c5 2.Nf3 Nc6 3.Bb5 g6 4.Bxc6 bxc6 5.O-O Bg7 6.c3 Nf6 7.Re1 O-O 8.d4 cxd4
9.cxd4 d5 10.e5 Ne4 11.Ng5 f6 12.Nxe4 dxe4 13.exf6 exf6 14.Rxe4 f5 15.Re1 f4
16.Qf3 Qxd4 17.Nc3 g5 18.Qxc6 Bf5 19.Rd1 Rac8 20.Qf3 Qb6 21.h3 Kh8 22.a4 Rcd8
23.a5 Qg6 24.Rxd8 Rxd8 25.Ra4 Qe6 26.Kh2 Be5 27.Qh5 h6 28.Ne4 Qg6 29.Qxg6 Bxg6
30.f3 Rd1 31.Bd2 Bxe4 32.Rxe4 Bxb2 33.Bb4 Rd7 34.Bc5 Rd5 35.Rc4 a6 36.Bb4 Rb5
37.Be1 Re5 38.Bb4 Rb5 39.h4 Kg7 40.Kh3 Kg6 41.Rc6+ Kf5 42.Rb6 Rd5 43.Rxa6 Rd1
44.Kh2 Bd4 45.Rd6 Bg1+ 46.Kh3 Rb1 47.Bc3 gxh4 48.Rd5+ Kg6 49.Kxh4 Rc1 50.Rd6+ Kf7
51.Be5 Bc5 52.Rf6+ Ke7 53.Rxh6 Rg1 54.Rg6 Kf7 55.Rg7+ Ke6 56.Bxf4 Kf5 57.Kg3 Bb4
58.Rb7 Bc3 59.Rb5+ Ke6 60.Be3 Ra1 61.Bb6 Ra2 62.Kh3 Be5 63.g3 Ra4 64.f4 Bxf4
65.gxf4 Rxf4 66.a6 Kd7 67.a7 Rf8 68.Bd8  1-0

[Event "2nd ch-EUR Women"]
[Site "Warsaw POL"]
[Date "2001.05.02"]
[Round "10"]
[White "Agrest,S"]
[Black "Kosintseva,T"]
[Result "0-1"]
[WhiteElo "2215"]
[BlackElo "2333"]

1.e4 c5 2.Nf3 Nc6 3.Bb5 g6 4.O-O Bg7 5.Re1 e5 6.Bxc6 dxc6 7.h3 Qe7 8.d3 Nh6
9.b3 f6 10.Bb2 Be6 11.Nbd2 Nf7 12.Qe2 O-O 13.Nf1 Rfd8 14.Rad1 b5 15.Ra1 Rab8
16.Bc3 Rd7 17.a4 Nd8 18.N1d2 Bf7 19.g3 Ne6 20.Kg2 Nd4 21.Qd1 Bh6 22.Qb1 Be6
23.Bxd4 cxd4 24.Nf1 Rc7 25.Qd1 a6 26.axb5 axb5 27.N1h2 c5 28.Qe2 Qd7 29.h4 c4
30.bxc4 bxc4 31.Reb1 Rxb1 32.Rxb1 c3 33.Ne1 Rb7 34.Rxb7 Qxb7 35.Ng4 Bg7 36.Nh2 Qb1
37.h5 Qc1 38.hxg6 hxg6 39.Nf1 Bh6 40.Nh2 Bd2 41.Nef3 Qxc2 42.Nh4 Kg7 43.Ng4 Qb1
44.Nxf6 Kxf6 45.Qf3+ Kg7 46.Nf5+ Bxf5 47.exf5 Qb6 48.fxg6 Qxg6 49.Qd5 Qf6
50.Qd7+ Kh6 51.Qh3+ Kg6 52.Qc8 Bh6 53.Qe8+ Kg7 54.Qd7+ Qf7 55.Qg4+ Kh8 56.Qc8+ Kh7
57.Qc6 Qf5 58.Qc5 Bg7 59.Qb5 Qc8 60.Qd5 c2 61.Qe4+ Kh8  0-1

[Event "2nd ch-EUR Women"]
[Site "Warsaw POL"]
[Date "2001.05.02"]
[Round "10"]
[White "Kulish,I"]
[Black "Gvetadze,S"]
[Result "1/2-1/2"]
[WhiteElo "2302"]
[BlackElo "2208"]

1.e4 c5 2.Nf3 Nc6 3.Bb5 g6 4.Bxc6 bxc6 5.O-O Bg7 6.Re1 Nh6 7.c3 O-O 8.h3 f6
9.d4 cxd4 10.cxd4 Nf7 11.Nc3 Qa5 12.Qc2 Rb8 13.b3 d6 14.Bb2 Ba6 15.Rad1 Rfc8
16.Na4 Bb5 17.Nc3 Ba6 18.Na4 Bb5 19.Nc3 c5 20.Nxb5 Qxb5 21.Qe2 c4 22.Rc1 e6
23.Ba1 d5 24.bxc4 dxc4 25.Nd2 Qa6 26.Rc2 Rb4 27.Bc3 Ra4 28.Nf3 Rb8 29.e5 fxe5
30.dxe5 Rd8 31.Nh2 Nh6 32.Ng4 Nxg4 33.Qxg4 Re8 34.Qe2 Rd8 35.Rd1 Rd3 36.Rb1 Rd8
37.Rd1 Rd3 38.Rb1 Rd8  1/2-1/2

[Event "Golden Cleopatra Open"]
[Site "Cairo EGY"]
[Date "2001.05.03"]
[Round "2"]
[White "Elgabry,M"]
[Black "Abou el Zein,E"]
[Result "0-1"]
[WhiteElo "2328"]
[BlackElo "2330"]

1.e4 c5 2.Nf3 Nc6 3.Bb5 e6 4.O-O Nge7 5.d4 cxd4 6.a4 a6 7.Bxc6 bxc6 8.Qxd4 Ng6
9.c4 c5 10.Qd3 Be7 11.Nc3 O-O 12.Rd1 Qc7 13.Be3 Rb8 14.Qd2 Rb4 15.Qc2 Qc6
16.b3 f5 17.exf5 Rxf5 18.Ne1 Nh4 19.Rab1 d5 20.Na2 Rb8 21.cxd5 exd5 22.Rbc1 d4
23.Rxd4 Qf6 24.Re4 Be6 25.Nc3 Bxb3 26.Qb1 Bd6 27.g3 Ng6 28.Qd3 Ne5 29.Qxa6 Rf8
30.Rf4 Rxf4 31.Bxf4 Bc4 32.Qb7 Qe6 33.Qe4 Re8 34.Rd1 Bc7 35.Qe3 Qc6 36.Qc1 Bb3
37.Rd2 Nf3+ 38.Nxf3 Bxf4 39.Qb1 Bf7 40.Rd3 Bg6 41.Qa2+ c4 42.Rd1 Qxf3 43.Qxc4+ Bf7
44.Qxf4 Qxc3 45.g4 Bb3 46.Rd4 Rf8 47.Qd2 Qxd2 48.Rxd2 Bxa4 49.Rd4 Bc6 50.f4 Ra8
51.Rc4 Bd7 52.h3 Kf7 53.Kf2 Ra3 54.Rc7 Ke6 55.Kg2 Kd6 56.Rc2 Bc6+ 57.Kh2 Bd5
58.Rf2 Ra2 59.Rxa2 Bxa2 60.Kg3 Kd5  0-1

[Event "Golden Cleopatra Open"]
[Site "Cairo EGY"]
[Date "2001.05.03"]
[Round "2"]
[White "Velicka,P"]
[Black "Yousry,S"]
[Result "1-0"]
[WhiteElo "2451"]
[BlackElo "2274"]

1.e4 c5 2.Nf3 Nc6 3.Bb5 g6 4.Bxc6 dxc6 5.d3 Bg7 6.h3 Nf6 7.Nc3 O-O 8.Be3 b6
9.Qd2 Re8 10.Bh6 Bh8 11.Ng5 e5 12.g4 a5 13.f4 exf4 14.Qxf4 Ra7 15.O-O b5
16.Kg2 b4 17.Na4 c4 18.dxc4 Qd4 19.b3 Rae7 20.Rad1 Qa7 21.c5 Ba6 22.Rf2 Rd7
23.Rd6 Rxd6 24.Qxd6 Qe7 25.Rd2 Qxd6 26.Rxd6 Bg7 27.Bxg7 Kxg7 28.Rxc6 Bb7
29.Rc7 Bxe4+ 30.Nxe4 Rxe4 31.Kf2 Rd4 32.Ke2 Re4+ 33.Kd3 Rf4 34.c6 Rf3+ 35.Kd4 Rf2
36.c4 bxc3 37.Nxc3 Rd2+ 38.Kc4 Rc2 39.Rc8 Ne4 40.Kd3 Rxc3+ 41.Kxe4 Rxh3 42.c7 Rc3
43.Ke5 h5 44.gxh5 gxh5 45.Kd6  1-0

[Event "2nd ch-EUR Women"]
[Site "Warsaw POL"]
[Date "2001.05.03"]
[Round "11"]
[White "Khukhashvili,S"]
[Black "Morkunaite,E"]
[Result "1-0"]
[WhiteElo "2326"]
[BlackElo "2028"]

1.e4 c5 2.Nf3 Nc6 3.Bb5 g6 4.Bxc6 bxc6 5.O-O Bg7 6.d4 cxd4 7.Nxd4 c5 8.Nf3 d6
9.h3 Bb7 10.Re1 Nf6 11.Nc3 O-O 12.Bf4 e5 13.Bh2 Bc6 14.Nd2 d5 15.Bxe5 d4
16.Ncb1 Re8 17.Bxf6 Qxf6 18.Na3 Re6 19.f3 h5 20.Nb3 Qe7 21.Qd2 Kh7 22.Qa5 Bf8
23.Rad1 Re8 24.c3 dxc3 25.Qxc3 Ba4 26.Rd5 Bxb3 27.Qxb3 Rb6 28.Qc2 Bg7 29.Nc4 Re6
30.Red1 Bd4+ 31.Kh1 Qf6 32.b4 Rc8 33.bxc5 Bxc5 34.Na5 Qe7 35.Rc1 Re5 36.Nb3 Rxd5
37.exd5 Qe5 38.Nxc5 Qxd5 39.Qc4 Qf5 40.Rc3 Qb1+ 41.Kh2 Qf5 42.Qd4 Qg5 43.f4  1-0

[Event "54th ch-RUS"]
[Site "Elista RUS"]
[Date "2001.05.04"]
[Round "5"]
[White "Potkin,V"]
[Black "Sveshnikov,E"]
[Result "1/2-1/2"]
[WhiteElo "2512"]
[BlackElo "2571"]

1.e4 c5 2.Nf3 Nc6 3.Bb5 e6 4.O-O Nge7 5.c3 a6 6.Ba4 b5 7.Bc2 Bb7 8.Qe2 Ng6
9.d4 cxd4 10.cxd4 Rc8 11.Rd1 Be7 12.a4 Nb4 13.Bb3 bxa4 14.Bxa4 O-O 15.Nc3 d5
16.e5 Qb6 17.Bg5 Bxg5 18.Nxg5 h6 19.Nf3 Rc7 20.Bc2 Bc6 21.Bb1 Rb8 22.h4 Bb5
23.Qe3 Nc6 24.h5 Nf8 25.Nxb5 axb5 26.Nh2 Ne7 27.Ng4 Nh7 28.Ra3 Ng5 29.Qf4 Kf8
30.Rg3 Rc4 31.Ne3 Rb4 32.Qg4 Rc8 33.Kh2 f5 34.exf6 gxf6 35.f4 f5 36.Nxf5 exf5
37.Bxf5 Rcc4 38.fxg5 Rxd4 39.Rxd4 Rxd4 40.Qf3 hxg5 41.Rxg5 Qd6+ 42.g3 Qf6
43.Bg4 Kf7 44.h6 Rd2+ 45.Kg1 Rd1+ 46.Kf2 Rd2+ 47.Ke3 Qxf3+ 48.Bxf3 Rh2 49.Bh5+ Kf6
50.Kf4 Rf2+ 51.Kg4 Rc2 52.Be8 Rc4+ 53.Kh5 Rc2 54.Bxb5 Rxb2 55.Bd3 Rh2+ 56.Kg4 Rxh6
57.Rh5  1/2-1/2

[Event "54th ch-RUS"]
[Site "Elista RUS"]
[Date "2001.05.04"]
[Round "5"]
[White "Chebotarev,O"]
[Black "Lugovoi,A"]
[Result "1/2-1/2"]
[WhiteElo "2306"]
[BlackElo "2512"]

1.e4 c5 2.Nf3 Nc6 3.Bb5 Na5 4.Be2 Nf6 5.Nc3 d6 6.d4 cxd4 7.Qxd4 Bd7 8.Bg5 Nc6
9.Qd3 h6 10.Bh4 Qa5 11.O-O-O Nb4 12.Qd2 Nxa2+ 13.Nxa2 Qxa2 14.Qb4 Qa1+ 15.Kd2 Qa4
16.Qxa4 Bxa4 17.e5 dxe5 18.Nxe5 g5 19.Ra1 Bd7 20.Bg3 Ne4+ 21.Kc1 Nxg3 22.hxg3 Bg7
23.Nxd7 Kxd7 24.Ra4 Rhc8 25.Bb5+ Kc7 26.Rd1 Rd8 27.Rc4+ Kb6 28.Bd7 a6 29.Rd3 Be5
30.Rb3+ Ka7 31.Bg4 Rab8 32.Bh5 f6 33.Bf3 b5 34.Rc6 Rb6 35.Rxb6 Kxb6 36.Be2 Kc5
37.Re3 a5 38.c3 b4 39.cxb4+ axb4 40.Kc2 Rd4 41.g4 Rd7 42.f3 Bd4 43.Rd3 Rd5
44.Rd1 Be5 45.Rxd5+ Kxd5 46.b3 Kd4 47.Kd2 Bf4+ 48.Ke1 Ke3 49.Bc4  1/2-1/2

[Event "54th ch-RUS"]
[Site "Elista RUS"]
[Date "2001.05.06"]
[Round "6"]
[White "Volzhin,A"]
[Black "Beshukov,S"]
[Result "1/2-1/2"]
[WhiteElo "2528"]
[BlackElo "2463"]

1.e4 c5 2.Nf3 Nc6 3.Bb5 d6 4.d4 cxd4 5.Qxd4 Qa5+ 6.Nc3 Qxb5 7.Nxb5 Nxd4 8.Nfxd4 Kd7
9.c4 g6 10.Be3 Bh6 11.Bxh6 Nxh6 12.O-O b6 13.Rfd1 f6 14.a4 Bb7 15.f3 Rhc8
16.b3 Nf7 17.a5 a6 18.Nc3 b5 19.Rac1 Nd8 20.cxb5 axb5 21.b4 Rab8 22.Nd5 Bxd5
23.exd5 Rc4 24.Rxc4 bxc4 25.b5 e5 26.dxe6+ Nxe6 27.Nxe6 Kxe6 28.b6 Kd7 29.Kf2 Kc6
30.Rb1 Rb7 31.Ke3 Kc5 32.Kd2 d5 33.Ra1 Re7 34.Rb1 Rb7 35.Ra1 Re7  1/2-1/2

[Event "54th ch-RUS"]
[Site "Elista RUS"]
[Date "2001.05.07"]
[Round "7"]
[White "Makarov,M"]
[Black "Inarkiev,E"]
[Result "1/2-1/2"]
[WhiteElo "2511"]
[BlackElo "2469"]

1.e4 c5 2.Nf3 Nc6 3.Bb5 g6 4.O-O Bg7 5.c3 Nf6 6.Re1 O-O 7.h3 Qb6 8.Bf1 e5
9.Na3 d5 10.exd5 Nxd5 11.d3 h6 12.Qb3 Qxb3 13.axb3 Rd8 14.Nc4 f6  1/2-1/2

[Event "XXXVI Capablanca Mem Premier I"]
[Site "Havana CUB"]
[Date "2001.05.07"]
[Round "3"]
[White "Garcia Martinez,S"]
[Black "Pazos Gambarrotti,P"]
[Result "1-0"]
[WhiteElo "2378"]
[BlackElo "2421"]

1.e4 c5 2.Nf3 Nc6 3.Bb5 d6 4.O-O Bd7 5.c3 Nf6 6.Re1 a6 7.Ba4 b5 8.Bc2 e5
9.h3 Be7 10.d4 O-O 11.d5 Na5 12.Nxe5 dxe5 13.d6 Bc6 14.dxe7 Qxe7 15.Qf3 Nc4
16.b3 Nd6 17.Bg5 h6 18.Bxf6 Qxf6 19.Qxf6 gxf6 20.Nd2 Rfd8 21.Nf1 Kf8 22.Rad1 Nb7
23.Ne3 b4 24.Nf5 bxc3 25.Nxh6 Nd6 26.Rc1 Nb5 27.a4 Nd4 28.Bd1 c4 29.bxc4 Ne6
30.Rxc3 Bxe4 31.Bf3 Bxf3 32.Rxf3 Nf4 33.h4 Rd3 34.Rxd3 Nxd3 35.Rb1 Rc8 36.Nf5 Nc5
37.Rb6 Rd8 38.a5 Kg8 39.Rxf6 Ne4 40.Rxa6 Rd1+ 41.Kh2 Nxf2 42.Ra8+ Kh7 43.a6 Ra1
44.h5 Ra3 45.g3 Ne4 46.Ra7 Ng5 47.g4 e4 48.Kg2 Kg8 49.Ra8+ Kh7 50.a7 f6 51.c5 Ra2+
52.Kf1 Nf3 53.c6 e3 54.Nxe3 Rd2 55.Rh8+ Kg7 56.Nf5+ Kf7 57.Rh7+  1-0

[Event "XXXVI Capablanca Mem Mixto"]
[Site "Havana CUB"]
[Date "2001.05.07"]
[Round "3"]
[White "Pina,S"]
[Black "Lucena,L"]
[Result "1/2-1/2"]
[WhiteElo "2275"]
[BlackElo "2245"]

1.e4 c5 2.Nf3 Nc6 3.Bb5 g6 4.Bxc6 bxc6 5.O-O Bg7 6.Nc3 Rb8 7.Re1 e5 8.d3 d6
9.h3 Ne7 10.b3 O-O 11.Nd2 f5 12.Nc4 f4 13.f3 g5 14.Na4 Ng6 15.c3 h5 16.Bb2 g4
17.d4 gxh3 18.dxe5 Qg5 19.Qe2 Nh4 20.Qf2 hxg2 21.exd6 Rf6 22.Nxc5 Bg4 23.e5 Nxf3+
24.Kxg2 Rg6 25.Kh1 Nxe1 26.Rxe1 Bf3+ 27.Kh2 Qg2+ 28.Qxg2 Rxg2+ 29.Kh3 Rg3+
30.Kh2 Rg2+ 31.Kh3 Kh7 32.Bc1 Bh6 33.Nd2 Rg3+ 34.Kh2 Rg2+ 35.Kh3 Rg3+ 36.Kh2 Rg2+
37.Kh3 Rg3+  1/2-1/2

[Event "Golden Cleopatra Open"]
[Site "Cairo EGY"]
[Date "2001.05.08"]
[Round "7"]
[White "Hatem,I"]
[Black "Chahrani,I"]
[Result "1-0"]
[WhiteElo "2393"]
[BlackElo "2358"]

1.e4 c5 2.Nf3 Nc6 3.Bb5 g6 4.O-O Bg7 5.Re1 e5 6.d3 Nge7 7.a3 O-O 8.Nc3 d6
9.Bc4 Bg4 10.h3 Bxf3 11.Qxf3 Nd4 12.Qd1 Kh8 13.Nd5 Nxd5 14.Bxd5 Qe7 15.c3 Ne6
16.Qb3 Rab8 17.Bxe6 Qxe6 18.Qxe6 fxe6 19.Be3 Rfc8 20.b4 cxb4 21.cxb4 a6 22.Rec1 Kg8
23.Kf1 Kf7 24.Ke2 Ke7 25.h4 Bf6 26.g3 d5 27.Ba7 Ra8 28.Be3 Kd7 29.Bg5 Bg7
30.h5 gxh5 31.Rxc8 Rxc8 32.Rh1 Rc2+ 33.Ke1 h6 34.Rxh5 Rc3 35.Ke2 Rxa3 36.Bxh6 Bxh6
37.Rxh6 Rb3 38.Rh7+ Kc6 39.g4 Rxb4 40.g5 dxe4 41.g6 exd3+ 42.Kxd3  1-0

[Event "54th ch-RUS"]
[Site "Elista RUS"]
[Date "2001.05.08"]
[Round "8"]
[White "Pridorozhni,A"]
[Black "Shovunov,B"]
[Result "1-0"]
[WhiteElo "2352"]
[BlackElo "2367"]

1.e4 c5 2.Nf3 Nc6 3.Bb5 g6 4.Bxc6 bxc6 5.O-O Bg7 6.h3 Nh6 7.c3 f6 8.d4 cxd4
9.cxd4 d6 10.Nc3 Nf7 11.Re1 O-O 12.b3 Qa5 13.Bd2 Qh5 14.Ne2 Qb5 15.Rc1 Bd7
16.Qc2 Rac8 17.b4 Qb7 18.Bc3 e5 19.Red1 Be6 20.a4 Rb8 21.Rb1 Rfc8 22.Ng3 Bf8
23.Nf1 Bh6 24.Bd2 Bxd2 25.N1xd2 Qe7 26.Qc3 Bd7 27.dxe5 fxe5 28.Nc4 Be6 29.Na5 Rb6
30.Rdc1 Bd7 31.Qd2 Be8 32.Rd1 Rd8 33.Rb3 d5 34.Qc3 Rdb8 35.exd5 cxd5 36.b5 Rd8
37.Re1 Re6 38.Qd2 Qf6 39.Nb7 Rb8 40.Qxd5 Re7 41.Nc5 Rd8 42.Ne4 Qf4 43.Qc5 Red7
44.Rbe3 Rb7 45.Nc3 Rbd7 46.Nxe5 Nxe5 47.Rxe5 Bf7 48.Re7 Rxe7 49.Rxe7 Rd3
50.Qc8+ Kg7 51.Qc7 Qf5 52.Ne4 Rd1+ 53.Kh2 Re1 54.Qc3+  1-0

[Event "XXXVI Capablanca Mem Mixto"]
[Site "Havana CUB"]
[Date "2001.05.08"]
[Round "4"]
[White "Arribas,M"]
[Black "Fleitas,Y"]
[Result "1/2-1/2"]
[WhiteElo "2325"]
[BlackElo "2226"]

1.e4 c5 2.Nf3 Nc6 3.Bb5 e6 4.O-O Nge7 5.d4 cxd4 6.Nxd4 Qb6 7.Bxc6 Nxc6 8.Nxc6 Qxc6
9.Nc3 Bb4 10.Qg4 Bxc3 11.bxc3 O-O 12.Bh6 Qxc3 13.Qg5 Kh8 14.e5 Rg8 15.Rae1 Qxc2
16.Bxg7+ Rxg7 17.Qd8+ Rg8 18.Qf6+ Rg7 19.Qd8+  1/2-1/2

[Event "Backa Open"]
[Site "Palanka YUG"]
[Date "2001.05.09"]
[Round "8"]
[White "Petkovic,R"]
[Black "Popovic,Do"]
[Result "1/2-1/2"]
[WhiteElo "2293"]
[BlackElo "2194"]

1.e4 c5 2.Nf3 Nc6 3.Bb5 g6 4.O-O Bg7 5.c3 a6 6.Ba4 b5 7.Bc2 e5 8.d3 d6 9.Be3 Bg4
10.h3 Bxf3 11.Qxf3 Nf6 12.Nd2 O-O 13.g3 Nh5 14.Qg2 Ne7 15.f4 f5 16.Bd1 exf4
17.gxf4 Nf6 18.Bb3+ Kh8 19.Rae1 fxe4 20.dxe4 c4 21.Bd1 d5 22.Bd4 dxe4 23.Nxe4 Nf5
24.Bc5 Re8 25.Bc2 Qc7 26.Qf2 Rac8 27.Bb6 Qc6 28.Ng5 Ng3 29.Qxg3 Qxb6+ 30.Kh2 Kg8
31.f5 Nh5 32.Qf3 Qd6+ 33.Kg1 Rxe1 34.Rxe1 Qd2 35.Qe3 Qxe3+ 36.Rxe3 Bh6 37.h4 Bxg5
38.hxg5 Rc5 39.fxg6 Rxg5+ 40.Kf1 hxg6 41.Re6 Kg7 42.Rxa6 Nf4 43.a4 Rg2 44.Bxg6 Rxb2
45.Be4 b4 46.Rc6 bxc3 47.Rxc4 Ra2 48.Rxc3 Rxa4  1/2-1/2

[Event "Golden Cleopatra Open"]
[Site "Cairo EGY"]
[Date "2001.05.11"]
[Round "10"]
[White "Sarwat,W"]
[Black "Frhat,A"]
[Result "1-0"]
[WhiteElo "2356"]
[BlackElo "2306"]

1.e4 c5 2.Nf3 Nc6 3.Bb5 g6 4.O-O Bg7 5.Bxc6 dxc6 6.d3 e5 7.h3 Qc7 8.Be3 b6
9.Qd2 h6 10.a3 a5 11.Nc3 Nf6 12.Na4 Nd7 13.b4 axb4 14.axb4 cxb4 15.Qxb4 c5
16.Qd2 f5 17.Qc1 f4 18.Bd2 O-O 19.Nc3 Bb7 20.Nb5 Qc6 21.Qb2 g5 22.Bc3 Bf6
23.Ra7 Rxa7 24.Nxa7 Qe6 25.Nb5 h5 26.Nc7 Qd6 27.Qb3+ Kh8 28.Nb5 Qe7 29.g4 hxg4
30.hxg4 Rf7 31.Nd6 Rh7 32.Nxb7 Nf8 33.Qxb6 Rh6 34.Bxe5 Ne6 35.Bxf6+ Rxf6
36.Kg2 Rh6 37.Rh1  1-0

[Event "XXXVI Capablanca Mem Premier II"]
[Site "Havana CUB"]
[Date "2001.05.11"]
[Round "6"]
[White "Wohl,A"]
[Black "Almeida,O"]
[Result "0-1"]
[WhiteElo "2418"]
[BlackElo "2426"]

1.e4 c5 2.Nf3 Nc6 3.Bb5 e6 4.O-O Nge7 5.c3 a6 6.Be2 d5 7.exd5 Nxd5 8.d4 cxd4
9.Nxd4 Bd7 10.Bf3 Nde7 11.Re1 Qc7 12.Na3 Nxd4 13.cxd4 Bc6 14.Bg5 h6 15.Be3 Nd5
16.Rc1 Rd8 17.Nc4 Bd6 18.h3 O-O 19.Bd2 Bb4 20.Ne5 Bxd2 21.Qxd2 Qb6 22.Nxc6 bxc6
23.Rc4 Ne7 24.Qc3 Rd6 25.Rb4 Qc7 26.Qb3 Nf5 27.Qa4 Rfd8 28.Be2 a5 29.Rc4 Nxd4
30.Bf1 Qb6 31.b3 Rd5 32.Qa3 Nb5 33.Qe7 Nd4 34.Qh4 Nf5 35.Qf4 Rd2 36.Rec1 Nd4
37.Qe3 e5 38.Rxc6 Qxc6 39.Qxd2 Nf3+  0-1

[Event "65th ch-BUL"]
[Site "Tsarevo BUL"]
[Date "2001.05.11"]
[Round "1"]
[White "Georgiev,Kr"]
[Black "Nikolov,M"]
[Result "1/2-1/2"]
[WhiteElo "2510"]
[BlackElo "2299"]

1.e4 c5 2.Nf3 Nc6 3.Bb5 g6 4.c3 Bg7 5.d4 Qa5 6.Bxc6 bxc6 7.O-O cxd4 8.cxd4 Nf6
9.Nc3 O-O 10.Re1 Rb8 11.h3 d6 12.Qc2 Ba6 13.Bg5 Rfe8 14.Rac1 Nd7 15.b3 Rbc8
16.Bd2 c5 17.Na4 Qb5 18.dxc5 Nxc5 19.Nxc5 Rxc5 20.Qb1 Rec8  1/2-1/2

[Event "ch-LTU"]
[Site "Kaunas LTU"]
[Date "2001.05.12"]
[Round "3"]
[White "Kveinys,A"]
[Black "Zapolskis,A"]
[Result "1/2-1/2"]
[WhiteElo "2533"]
[BlackElo "2420"]

1.e4 c5 2.Nf3 Nc6 3.Bb5 g6 4.O-O Bg7 5.c3 Nf6 6.Re1 O-O 7.d4 cxd4 8.cxd4 d5
9.e5 Ne4 10.Bxc6 bxc6 11.Nbd2 Nxd2  1/2-1/2

[Event "TCh-RUS"]
[Site "Tomsk RUS"]
[Date "2001.05.13"]
[Round "1"]
[White "Batsanin,D"]
[Black "Sherbakov,R"]
[Result "1/2-1/2"]
[WhiteElo "2435"]
[BlackElo "2544"]

1.e4 c5 2.Nf3 Nc6 3.Bb5 e6 4.O-O Nge7 5.c3 a6 6.Ba4 b5 7.Bc2 Bb7 8.Qe2 c4
9.b3 d5 10.exd5 Nxd5 11.bxc4 Nf4 12.Qe3 Bd6 13.d4 bxc4 14.Nbd2 Nd5 15.Qe1 Nxc3
16.Nxc4 Bb4 17.Bg5 Nxd4 18.Ba4+ Nxa4 19.Qxb4 Nxf3+ 20.Kh1 f6 21.Qxa4+ Kf7
22.Rfd1 Bd5 23.Bf4 g5 24.Bg3 h5 25.gxf3 h4  1/2-1/2

[Event "65th ch-BUL"]
[Site "Tsarevo BUL"]
[Date "2001.05.13"]
[Round "3"]
[White "Bojkov,D"]
[Black "Nikolov,M"]
[Result "1/2-1/2"]
[WhiteElo "2398"]
[BlackElo "2299"]

1.e4 c5 2.Nf3 Nc6 3.Bb5 e6 4.O-O Nge7 5.Re1 a6 6.Bf1 d5 7.exd5 Nxd5 8.d4 Be7
9.c4 Nf6 10.dxc5 O-O 11.Nc3 Bxc5 12.Be3 Bxe3 13.Rxe3 Qc7 14.h3 Bd7 15.a3 Rad8
16.b4 e5 17.Qc1 Nd4 18.Nxe5 Nb3 19.Nd5 Nxd5 20.Rxb3 Ba4 21.Rg3 Qxe5 22.Rg5 Qd4
23.Rxd5  1/2-1/2

[Event "TCh-YUG"]
[Site "Herceg Novi YUG"]
[Date "2001.05.14"]
[Round "1"]
[White "Radibratovic,P"]
[Black "Simic,R"]
[Result "1/2-1/2"]
[WhiteElo "2343"]
[BlackElo "2429"]

1.e4 c5 2.Nf3 Nc6 3.Bb5 Nf6 4.e5 Nd5 5.Nc3 Nc7 6.Bxc6 dxc6 7.Ne4 Qd5 8.Nc3 Qd8
9.Ne4 Qd5 10.Nc3 Qd8  1/2-1/2

[Event "TCh-RUS"]
[Site "Tomsk RUS"]
[Date "2001.05.14"]
[Round "2"]
[White "Glek,I"]
[Black "Arkhipov,S"]
[Result "1-0"]
[WhiteElo "2566"]
[BlackElo "2531"]

1.e4 c5 2.Nf3 Nc6 3.Bb5 e6 4.O-O Nge7 5.Re1 a6 6.Bxc6 Nxc6 7.d4 cxd4 8.Nxd4 Qc7
9.Nxc6 bxc6 10.e5 Bb7 11.Nd2 c5 12.Nc4 Bd5 13.Nd6+ Bxd6 14.Qxd5  1-0

[Event "65th ch-BUL"]
[Site "Tsarevo BUL"]
[Date "2001.05.14"]
[Round "4"]
[White "Manolov,I"]
[Black "Tsvetkov,I"]
[Result "1/2-1/2"]
[WhiteElo "2377"]
[BlackElo "2319"]

1.e4 c5 2.Nf3 Nc6 3.Bb5 g6 4.O-O Bg7 5.c3 Nf6 6.Re1 O-O 7.h3 Qc7 8.d4 cxd4
9.cxd4 d5 10.e5 Ne4 11.Qb3 Be6 12.Nbd2 Rfd8 13.Nf1 Qb6 14.Bxc6 bxc6 15.Qxb6 axb6
16.N3h2 h6 17.h4 Ra4 18.f3 Rxd4 19.fxe4 dxe4 20.Bf4 Rb4 21.b3 Ra8 22.Nd2 e3
23.Bxe3 Bxe5 24.Rac1 c5 25.Nhf3 Bg7 26.a4 Bxb3 27.Nxb3 Rxb3 28.Rb1 c4 29.Bxb6 Rxb1
30.Rxb1 Rxa4 31.Rc1 c3 32.Bc5 e5 33.Rc2 e4 34.Ne1 f5 35.Be3 Ra1 36.Kf2 Kf7
37.g3 Rb1 38.Ke2 Be5 39.Bf4 Bg7 40.Ng2 Ke6 41.Ne3 Rh1 42.Nf1 Kd5 43.Ra2 Kc4
44.Ra7 g5 45.hxg5 hxg5 46.Bxg5 Bd4 47.Ra4+ Kd5 48.Ne3+ Bxe3 49.Bxe3 c2 50.Rd4+ Ke5
51.Rc4 Rh2+ 52.Ke1 Rg2 53.Bf4+ Kd5 54.Rc8 e3 55.Bxe3 Rxg3 56.Bf2 Rb3 57.Rxc2 Ke4
58.Ke2 Rb4 59.Be1 Ra4 60.Rc8 Ra2+ 61.Bd2 Kd4 62.Rd8+ Ke4 63.Rb8 Kd4 64.Rb4+ Ke5
65.Kd3 Kf6 66.Bf4 Ke6  1/2-1/2

[Event "TCh-YUG"]
[Site "Herceg Novi YUG"]
[Date "2001.05.15"]
[Round "2"]
[White "Miljanic,B"]
[Black "Dujkovic,S"]
[Result "1-0"]
[WhiteElo "2386"]
[BlackElo "2394"]

1.e4 c5 2.Nf3 Nc6 3.Bb5 g6 4.Bxc6 dxc6 5.d3 Bg7 6.h3 Nf6 7.Nc3 Nd7 8.O-O O-O
9.Be3 e5 10.Qd2 Qe7 11.Nh2 Re8 12.Bh6 Nf8 13.Bxg7 Kxg7 14.f4 exf4 15.Rxf4 Ne6
16.Rf2 Qg5 17.Qe1 Nd4 18.Nf3 Nxf3+ 19.Rxf3 Qe5 20.Qf2 Be6 21.Rf1 Re7 22.Kh1 b6
23.Nd1 Rd8 24.b3 Rdd7 25.Ne3 Kf8 26.Qh4 h5 27.Rg3 Ke8 28.Rg5 Qd4 29.Qxh5 Kd8
30.Qf3 Kc7 31.Rg3 Kb7 32.a4 Re8 33.Qf4 Rg8 34.Ng4 Rdd8 35.Ne5 Qc3 36.Rf2 Ka6
37.Nxc6 g5 38.Qf6 Qe1+ 39.Kh2 Rd6 40.Ne7 Rgd8 41.Rf1 Qb4 42.Qxg5  1-0

[Event "TCh-YUG"]
[Site "Herceg Novi YUG"]
[Date "2001.05.15"]
[Round "2"]
[White "Strikovic,A"]
[Black "Perunovic,Mil"]
[Result "1-0"]
[WhiteElo "2493"]
[BlackElo "2471"]

1.e4 c5 2.Nf3 Nc6 3.Bb5 e6 4.O-O Nge7 5.c3 a6 6.Ba4 b5 7.Bc2 Bb7 8.d4 cxd4
9.Nxd4 d5 10.e5 Qc7 11.Bf4 Nxd4 12.cxd4 Rc8 13.Nc3 b4 14.Ba4+ Bc6 15.Ne2 Qd7
16.Bc2 Bb5 17.Re1 Ng6 18.Be3 Be7 19.Ng3 O-O 20.Rc1 Rc6 21.Qg4 Rfc8 22.Bb1 Rxc1
23.Bxc1 Qd8 24.f4 b3 25.axb3 Qa5 26.Rd1 Qa1 27.Be3 Qxb2 28.f5 exf5 29.Nxf5 Rc3
30.Nxe7+ Nxe7 31.Bg5 Ng6 32.e6 Qe2 33.Qxe2 Bxe2 34.Re1 Bb5 35.Bd2 Rxb3 36.exf7+ Kf8
37.Bf5 Kxf7 38.Be6+ Kf6 39.Bxd5 Rb2 40.Bc1 Rc2 41.h4 Nxh4 42.Re6+  1-0

[Event "TCh-RUS"]
[Site "Tomsk RUS"]
[Date "2001.05.15"]
[Round "3"]
[White "Glek,I"]
[Black "Sherbakov,R"]
[Result "1-0"]
[WhiteElo "2566"]
[BlackElo "2544"]

1.e4 c5 2.Nf3 Nc6 3.Bb5 e6 4.O-O Nge7 5.Re1 Nd4 6.Nxd4 cxd4 7.d3 a6 8.Ba4 b5
9.Bb3 Nc6 10.Nd2 g6 11.Nf3 Bg7 12.Bg5 Qb6 13.e5 h6 14.Bf4 Bb7 15.c3 g5 16.Bg3 dxc3
17.bxc3 Ne7 18.d4 Rc8 19.Rc1 Nf5 20.Qd3 O-O 21.h4 Nxg3 22.fxg3 Bxf3 23.gxf3 d6
24.hxg5 dxe5 25.gxh6 Bf6 26.Kg2 Rfd8 27.Qe4 exd4 28.Qf4 e5 29.Qf5 Kf8 30.Rxe5 Rxc3
31.h7 Kg7 32.Rh1 Rh8 33.Re4 Re3 34.Rg4+ Kf8 35.Rg8+ Ke7 36.Rxh8 Bxh8 37.Qxf7+ Kd6
38.Qg8 Re2+ 39.Kf1 d3 40.Rh6+  1-0

[Event "TCh-YUG Women"]
[Site "Herceg Novi YUG"]
[Date "2001.05.18"]
[Round "5"]
[White "Stankovic,Ma"]
[Black "Maksimovic,S"]
[Result "1/2-1/2"]
[WhiteElo "2205"]
[BlackElo "2331"]

1.e4 c5 2.Nf3 Nc6 3.Bb5 g6 4.Bxc6 dxc6 5.h3 Bg7 6.d3 e5 7.Be3 Qe7 8.Nbd2 Nf6
9.Nc4 Nd7 10.Qd2 f6 11.a3 Nf8 12.b4 Ne6 13.bxc5 Nxc5 14.Qa5 Na6 15.O-O O-O
16.Rfe1 b6 17.Qc3 c5 18.Rab1 Be6 19.Qb3 Nc7 20.a4 Rfd8 21.Nfd2 Bf7 22.Nf1 Rab8
23.Ng3 Ne6 24.Ne2 f5 25.f3 Qh4 26.Bf2 Qg5 27.Be3 Nf4 28.Nxf4 exf4 29.Bf2 fxe4
30.Rxe4 a6 31.Qa3 b5 32.axb5 axb5 33.Nd2 c4 34.h4 Qf5 35.Qb4 cxd3 36.cxd3 Rxd3
37.Rxf4 Qd5 38.Ne4 Rd1+ 39.Rxd1 Qxd1+ 40.Qe1 Qxe1+ 41.Bxe1 b4 42.Bxb4 Rxb4
43.Nf6+ Bxf6 44.Rxb4 Kg7 45.Kh2 Be7 46.Ra4  1/2-1/2

[Event "ch-LTU"]
[Site "Kaunas LTU"]
[Date "2001.05.18"]
[Round "13"]
[White "Zapolskis,A"]
[Black "Krivousas,T"]
[Result "1/2-1/2"]
[WhiteElo "2420"]
[BlackElo "2131"]

1.e4 c5 2.Nf3 Nc6 3.Bb5 g6 4.O-O Bg7 5.Re1 Nf6 6.e5 Nd5 7.Nc3 Nc7 8.Bxc6 dxc6
9.Ne4 b6 10.d4 cxd4 11.Nxd4 c5 12.Nf6+ Kf8 13.Nc6 Qxd1 14.Rxd1 Bb7 15.Nxe7 Kxe7
16.Rd7+ Ke6 17.Rxc7 Rab8 18.Bd2 h6 19.Bc3 Rhd8 20.f3 Bf8 21.h4 h5 22.Re1 Rdc8
23.Rxc8 Rxc8 24.Rd1 Bc6 25.Nh7 Be7 26.Ng5+ Bxg5 27.Rd6+ Ke7 28.hxg5 Bd7 29.b4 Rc6
30.Rd2 Be6 31.bxc5 bxc5 32.a4 Bc4 33.Kf2 Ke6 34.Rd8 Kf5 35.Ke3 Kxg5 36.Ke4 Be6
37.Bd2+ Kh4 38.Bf4 Ra6 39.Rd1 Rxa4+ 40.Ke3 Rxf4 41.Kxf4 g5+ 42.Ke4 Kg3 43.f4 gxf4
44.Rd3+ Kxg2 45.Kxf4 h4 46.Rd2+ Kf1 47.Rd6 h3 48.Kg3 Ke2 49.c4 Ke3 50.Rd5 a6  1/2-1/2

[Event "TCh-YUG"]
[Site "Herceg Novi YUG"]
[Date "2001.05.19"]
[Round "6"]
[White "Dujkovic,S"]
[Black "Bokan,D"]
[Result "1/2-1/2"]
[WhiteElo "2394"]
[BlackElo "2349"]

1.e4 c5 2.Nf3 Nc6 3.Bb5 d6 4.d4 cxd4 5.Qxd4 Bd7 6.Bxc6 bxc6 7.c4 e5 8.Qd3 Nf6
9.Nc3 Qa5 10.O-O Be7 11.Bg5  1/2-1/2

[Event "TCh-RUS"]
[Site "Tomsk RUS"]
[Date "2001.05.19"]
[Round "6"]
[White "Naer,E"]
[Black "Sherbakov,R"]
[Result "1/2-1/2"]
[WhiteElo "2455"]
[BlackElo "2544"]

1.e4 c5 2.Nf3 Nc6 3.Bb5 e6 4.Bxc6 bxc6 5.d3 Ne7 6.Qe2 f6 7.Nh4 g6 8.f4 Bg7
9.e5 O-O 10.Nf3 fxe5 11.fxe5 Nf5 12.c3 c4 13.dxc4 c5 14.O-O Bb7 15.Nbd2 Qc7  1/2-1/2

[Event "65th ch-BUL"]
[Site "Tsarevo BUL"]
[Date "2001.05.19"]
[Round "9"]
[White "Janev,E"]
[Black "Petrov,M"]
[Result "1/2-1/2"]
[WhiteElo "2465"]
[BlackElo "2425"]

1.e4 c5 2.Nf3 Nc6 3.Bb5 g6 4.O-O Bg7 5.Re1 Nf6 6.e5 Nd5 7.Nc3 Nc7 8.Bxc6 dxc6
9.Ne4 Ne6 10.d3 b6 11.Bd2 O-O 12.Qc1 Re8 13.Ng3 Nd4 14.Nxd4 cxd4 15.Bh6 Bh8
16.f4 Qd5 17.a4 a5 18.b3 c5 19.Qd2 Bd7 20.h4 Bc6 21.Ne4 f5 22.Ng3 e6 23.Re2 Ra7  1/2-1/2